| 000 | 02078nam a2200361 i 4500 | ||
|---|---|---|---|
| 001 | nkc20253720475 | ||
| 003 | CZ PrSKC | ||
| 005 | 20260415083949.0 | ||
| 007 | ta | ||
| 008 | 251114s2025 xr g 000 f cze | ||
| 020 | _a9788028410629 | ||
| 040 |
_aABG001 _bcze _dABA001 _erda |
||
| 041 | 1 |
_acze _heng |
|
| 072 | 7 |
_a821.111(73)-3 _xAmerická próza _2Konspekt |
|
| 080 |
_a821.111(73)-31 _2MRF |
||
| 080 |
_a(0:82-312.9) _2MRF |
||
| 100 | 1 |
_aHazelwood, Ali _4aut _916565 |
|
| 240 | 1 | 0 |
_aMate. _lČesky |
| 245 | 1 | 0 |
_aDružka / _cAli Hazelwood ; přeložila Jitka Čupová |
| 250 | _aVydání první | ||
| 264 | 1 |
_aPraha : _bEuromedia Group, _c2025 |
|
| 300 |
_a470 stran ; _c20 cm |
||
| 500 | _a"Vydala Euromedia Group, a.s. v edici Laser"--Tiráž | ||
| 500 | _aPřeloženo z angličtiny | ||
| 520 | 2 |
_aPokračování paranormální romance o nebezpečném spojenectví mezi upírkou a vlkodlakem. _bSerena Parisová se rozhodla veřejně vystoupit a oznámit světu, co je zač. Její existence coby křížence mezi vlkodlakem a člověkem měla urovnat staletí trvající rozkol mezi oběma druhy. Místo toho se však stala terčem bezohledných politických machinací. Síť se kolem ní začíná stahovat a zbývá jí jediná možnost - ochrana vůdce severozápadní smečky. Jako každý alfa, vyžaduje Koen Alexander od ostatních naprostou poslušnost. Jeho autorita je natolik bezvýhradná, že ohrozit jeho družku by se odvážil jen naprostý blázen. Nezáleží na tom, že Serena jeho city neopětuje - nic mu nezabrání, aby jí zajistil bezpečí. Jenže mocichtiví upíři a vlkodlaci nejsou jedinou hrozbou, která Serenu pronásleduje. Dostihne ji její minulost, a aby toho nebylo málo, zradí ji i vlastní tělo - a Koen je pro ni možná jediná šance, jak se z toho všeho dostat. Nakladatelská anotace. |
|
| 655 | 7 | _aamerické romány | |
| 655 | 7 | _afantasy romány | |
| 655 | 9 | _aAmerican fiction | |
| 655 | 9 | _afantasy novels | |
| 700 | 1 |
_aČupová, Jitka, _d1975- _4trl _919008 |
|
| 910 | _aABG508 | ||
| 999 |
_c34151 _d34151 |
||